| 000 | 00590nam a2200169Ia 4500 | ||
|---|---|---|---|
| 003 | GCL | ||
| 008 | 140319s9999 xx 000 0 ara d | ||
| 040 |
_aGCL / _cGCL |
||
| 082 | 0 | 4 |
_a303.49 _bهـ ا |
| 100 | 1 | _aهادى نعمان الهيتى | |
| 245 | 1 | 0 |
_aاشكالية المستقبل فى الوعى العربى / _cهادى نعمان الهيتى |
| 260 |
_aبيروت : _bمركز دراسات الوحدة العربية ، _c2003 |
||
| 300 |
_a257 ص ؛ _c24 سم |
||
| 650 | 0 | 4 | _aالوعى الاجتماعى |
| 650 | 0 | 4 | _aالنضج الاجتماعى |
| 942 |
_2ddc _cBK |
||
| 999 |
_c57655 _d57655 |
||